000 00355nam a22001457a 4500
020 _a978-9389211788
041 _aENG
100 _aBharucha.E
245 _aTextbook of Environmental Studies For Undergraduate Courses
250 _aSecond
260 _aTelangana
_bUniversities press (India )
_c2019
300 _a305
650 _aEOES
856 _uEOES
999 _c123
_d123